Mechanical engineering experimentation

Salvato in:
Dettagli Bibliografici
Autore principale: Tuve, George Lewis (Autore)
Natura: Libro
Lingua:inglese
Pubblicazione: Nueva York McGraw-Hill 1961
Soggetti:
Tags: Aggiungi Tag
Nessun Tag, puoi essere il primo ad aggiungerne!!

MARC

LEADER 00000nam a2200000 a 4500
001 UCP2803
003 CL-VaPUC
008 990531e19610000US |||||||||||||||||eng|d
082 0 4 |a 620.1  |b TUV  |2 21 
100 |a Tuve, George Lewis  |e author  |9 429776 
245 1 0 |a Mechanical engineering experimentation 
300 |a 516 p 
942 |c BK 
945 |d 19990531 00:00:00  |a cmena 
260 |a Nueva York  |b McGraw-Hill  |c 1961 
650 0 |a Ingeniería   |9 259380 
650 7 |a INVESTIGACION APLICADA  |2 CL-VaPUC  |9 336384 
650 7 |a DESARROLLO EXPERIMENTAL  |2 CL-VaPUC  |9 361303 
650 7 |a INSTRUMENTOS DE MEDIDA  |2 CL-VaPUC  |9 262517 
650 7 |a TECNOLOGIA DE LA INSTRUMENTACION  |2 CL-VaPUC  |9 358374 
650 0 |a Instrumentos científicos   |9 359809 
583 |a last modification  |c 19990531 00:00:00  |k Rodrigo Vera 
999 |c 281273  |d 281271